00273nam a22001097a 4500008004100000020001500041041000800056080000800064100000700072101000800079245007600087170418b xxu||||| |||| 00| 0 eng d a1555810454 aeng a579 a11 ashm adiseasein medical microbiology infectious diseasescGILLINGAN.P.H